Pääkaupungit kirjaimittain - C - Statistics

Yleistilastot
  • Tätä visaa on pelattu 1 264 kertaa
    261 viimeisimmän päivityksen jälkeen
  • Keskiarvotulos 4 / 6
Vastaustilastot
Valtio Pääkaupunki % Oikein
Australia Canberra
83%
Moldova Chisinau
81%
Venezuela Caracas
78%
Guinea Conakry
51%
Saint Lucia Castries
50%
Päiväntasaajan Guinea Ciudad de la Paz
20%
Ehtoja vastaavia visoja ei löytynyt
Tulosjakauma
Jokaisen tuloksen saaneiden osuus
Persentiili vastausten määrän mukaan
Tuloshistoriasi
Et ole pelannut tätä visaa sen viimeisimmän päivityksen jälkeen